| 000 | 00481nam a22001817a 4500 | ||
|---|---|---|---|
| 005 | 20230111133744.0 | ||
| 008 | 160114b xxu||||| |||| 00| 0 eng d | ||
| 040 | _aLoreto College | ||
| 082 |
_a821.4 _bMIL-HAN |
||
| 100 |
_aHanford , Holly James _qJames Holly Hanford |
||
| 245 |
_aA Milton Handbook _cJames Holly Hanford |
||
| 250 | _a4th ed. | ||
| 260 |
_aNew York _bAppleton century crofts |
||
| 300 | _a465p. | ||
| 650 | _aEnglish poetry | ||
| 850 | _aLCLIB | ||
| 942 | _cBK | ||
| 999 |
_c40294 _d90773 |
||